Những văn bản mới hướng dẫn thực hiện điều lệ quản lí đầu tư và xây dựng: Ban hành theo Nghị định số 42/CP ngày 16 tháng 7 năm 1996 của Chính Phủ

Nội dung sách gồm có: Thông tư liên bộ, Những văn bản hướng dẫn thực hiện của Bộ Xây dựng, những văn bản hướng dẫn thực hiện của Bộ Kế hoạch và Đầu tư, những văn bản hướng dẫn thực hiện của Bộ Tài chính...

Descripció completa

Guardat en:
Dades bibliogràfiques
Autor principal: Bộ Xây dựng
Format: Llibre
Idioma:Undetermined
Publicat: Hà Nội Xây dựng 1996
Matèries:
Etiquetes: Afegir etiqueta
Sense etiquetes, Sigues el primer a etiquetar aquest registre!
Thư viện lưu trữ: Trung tâm Học liệu Trường Đại học Cần Thơ
LEADER 01038nam a2200181Ia 4500
001 CTU_16967
008 210402s9999 xx 000 0 und d
082 |a 346.59706 
082 |b B450 
100 |a Bộ Xây dựng 
245 0 |a Những văn bản mới hướng dẫn thực hiện điều lệ quản lí đầu tư và xây dựng: Ban hành theo Nghị định số 42/CP ngày 16 tháng 7 năm 1996 của Chính Phủ 
245 0 |c Bộ Xây dựng 
260 |a Hà Nội 
260 |b Xây dựng 
260 |c 1996 
520 |a Nội dung sách gồm có: Thông tư liên bộ, Những văn bản hướng dẫn thực hiện của Bộ Xây dựng, những văn bản hướng dẫn thực hiện của Bộ Kế hoạch và Đầu tư, những văn bản hướng dẫn thực hiện của Bộ Tài chính 
650 |a civil law ( vietnamese law ) 
980 |a Trung tâm Học liệu Trường Đại học Cần Thơ